000 00325nam a22001457a 4500
008 230317b ||||| |||| 00| 0 eng d
020 _a9781119498407
041 _aeng
080 _218TH EDITION
_a33
082 _a33BOO
100 _a24
101 _aBIZNES
245 _aCONTEMPORARY BUSINESS
_cBOONE
942 _2udc
_cBK
999 _c59385
_d59385